000 00605nam a2200241Ia 4500
003 OSt
005 20220928150259.0
006 a|||||r|||| 00| 0
007 ta
008 220927b |||||||| |||| 00| 0 eng d
024 _a89628
037 _cTextual
040 _aSDCL
_cSDCL
_beng
041 _2eng
_aeng
082 _aX:8F, M6
100 _aKieso E Donald
_9515944
245 0 _aIntermediate accounting
250 _a5
260 _c1986
700 _a Weygandt J Jerreyn
_9515945
942 _hX:8F, M6
_cTEXL
_2CC
999 _c841067
_d841067